Integración social y política en el desarrollo económico de un sistema en desequilibrio: algunos ejemplos latinoamericanos /
Spremljeno u:
| Glavni autor: | |
|---|---|
| Format: | Tekst |
| Oznake: |
Dodaj oznaku
Bez oznaka, Budi prvi tko označuje ovaj zapis!
|
MARC
| LEADER | 00000 a a2200000 04500 | ||
|---|---|---|---|
| 001 | 16068 | ||
| 003 | |||
| 040 | |||
| 100 | |a Reynolds, Clark W. | ||
| 245 | |a Integración social y política en el desarrollo económico de un sistema en desequilibrio: |b algunos ejemplos latinoamericanos / |c Clark W. Reynolds | ||
| 773 | |g número 11; páginas 101-132 | ||
| 999 | |c 23277 |d 23277 | ||
